The hypothalamus and pituitary in health and disease.

Saved in:
Bibliographic Details
Main Author: Locke, William
Other Authors: Schally, Andrew V. (joint author.)
Format: Book
Language:English
Published: Springfield, Ill., Thomas [c1972]
Subjects:
LEADER 01101nam a2200265 4500
001 c000141013
003 CARM
005 00000000000000.0
008 730430s1972 ilua b 00110 eng
019 1 |a 582693  |5 LACONCORD2021 
020 |a 0398025266 
035 |a (OCoLC)594509  |5 LACONCORD2021 
050 0 0 |a RC658  |b .L6 
100 1 |a Locke, William. 
245 1 4 |a The hypothalamus and pituitary in health and disease.  |c Compiled and edited by William Locke and Andrew V. Schally, with the editorial assistance of Theresa K. Setze and Juanita C. Oehler. 
260 |a Springfield, Ill.,  |b Thomas  |c [c1972] 
300 |a x, 608 p.  |b illus.  |c 27 cm. 
504 |a Includes bibliographical references. 
650 0 |a Hypothalamo-hypophyseal system  |x Diseases. 
650 0 |a Pituitary gland  |x Diseases. 
700 1 |a Schally, Andrew V.,  |e joint author. 
852 8 |b CARM  |h A2:AD24G0  |i C00066  |p 0003859  |f BK 
082 0 4 |a 616.4/7 
999 f f |i fb2cf74f-68fe-5aee-8331-bb4897c777d5  |s be23c0b7-2d97-5bd2-aade-03c27c1b4691 
952 f f |p Can circulate  |a CAVAL  |b CAVAL  |c CAVAL  |d CARM 1 Store  |e C00066  |f A2:AD24G0  |h Other scheme  |i book  |m 0003859